00469nam a2200145Ia 4500008004100000041000800041082001200049100001500061245001800076260003700094300003000131365001100161999001700172952013400189240624s9999 xx 000 0 und d aeng a340 MUT aMUTHUSWAMY aCONDUCT RULES c2014aChennaibSwamy Publication axv, : 228 : p. : cm. ; 18 cRSb15 c23936d23936 00104070aIMTNbIMTNcRack 14-Bd2014-12-12eSLHg215.00l1o340 MUTp23936r2025-01-13 00:00:00s2025-01-06t1w2024-06-24yBK